000 00691nas a2200229 a 4500
003 AM-YeHGA
040 _aAM-YeHGA
650 0 4 _aԱմսագիր
942 _2udc
_cCR
090 _c285219
001 000773110
005 20250617143909.0
008 101123c19119999ai zr p 0 0arm d
041 0 _aarm
222 0 _aՇանթ
245 0 0 _aՇանթ :
_bԿիսամսեայ հանդէս գրական և գեղարվեստական : Պատկերազարդ.
260 _aՂալաթիա :
_bԱ. հ.,
_c1911-.
300 _aհամար.
310 _aԵրկշաբաթյա
362 0 _a1911-
650 1 4 _aՍփյուռքահայ գրականություն
_vՊարբերականներ
999 _c283558
_d283558